000 02577nab a2200397 i 4500
001 197754
003 ES-ScRBPG
005 20250724062617.0
007 ta
008 040213n2024 sp 000 0 und u
017 _aC 1873-03
_bOficina Depósito Legal Coruña
022 _a1576-4540
035 _aRebiun13433272
035 _a2151115
040 _aFJM
_dCBM007
_bglg
_cES-MaACL
245 1 0 _aFerrol Análisis :
_brevista de pensamiento y cultura. Nº 35, Separata /
_cClub de Prensa de Ferrol
260 _aFerrol :
_bClub de Prensa de Ferrol,
_c2024.
300 _a309 páginas [I,II,III] :
_bilustrado principalmente fotografías a color ;
_c30 cm
336 _2rdacontent
_atexto
337 _2rdamedia
_asin mediación
338 _2rdacarrier
_avolumen
500 _aIncluye el artículo "Ferroláns no Ateneo de Madrid" escrito por Guillermo Llorca Freire
505 _aXesús Alonso Montero. Consello de Redacción: (Homenaxe a Xesús Alonso Montero. Universidade de Santiago de Compostela 2023). Consello de Redacción: (Xesús Alonso Montero, colaborador do Club de Prensa de Ferrol). Xesús Alonso Montero: (Sobre a intelectualidade progresista de Ferrol a fins do XIX e comezos do XX). Consello de Redacción: (A actividade de Alfredo de la Iglesia na Escola de Artes e Oficios de Ferrol). Xulia Diz Sixto: (A rente de D. Xesús Alonso Montero). Xosé María Dobarro: (Mestre e Amigo). José Gómez Alén: (Xesús Alonso Montero, un recordo persoal desde o respecto intelectual e o afecto). Modesto Hermida García: (Xesús Alonso Montero na miña historia). Bernardo Máiz Vázquez: (O meu Xesús Alonso Montero). / Patrimonio Ferrolterra; Ferrolterra historia; Artes e literatura; Pintor invitado (Luís Loureiro); Ollando o futuro; Vieiros de Irmandade; Comunicación; Curricula.
610 2 4 _91875
_aAteneo de Madrid
650 4 _915922
_aPensamiento
650 7 _aCultura
_2embne
_9170963
655 7 _2tgfbne
_9226866
_aRevistas
700 1 _aLlorca Freire, Guillermo
_eaut
_9241354
700 1 _9241353
_aVillanueva, Darío,
_d1950-
_eaut
852 _aES-MaACL
_cDEPOJ
_jN-10141
_gDedicatoria autógrafa de Guillermo Llorca Freire para Pilar Fernández Vera, bibliotecaria del Ateneo
_hDonación: Guillermo Llorca Freire
_xEncuadernación rústica con solapas
_9206272
903 _aLlorca Freire, Guillermo
_ednr
942 _n0
_cPERIODICA
999 _c197754
_d197754